Normal view
MARC view
- Analytical, Computational and Experimental Methodss
Entry Topical Term
001 - CONTROL NUMBER
- control field: 69607
003 - CONTROL NUMBER IDENTIFIER
- control field: NUST
005 - DATE AND TIME OF LATEST TRANSACTION
- control field: 20210628204250.0
008 - FIXED-LENGTH DATA ELEMENTS
- fixed length control field: 210628|| aca||aabn | a|a d
040 ## - CATALOGING SOURCE
- Original cataloging agency: NUST
- Transcribing agency: NUST
150 ## - HEADING--TOPICAL TERM
- Topical term or geographic name entry element: Analytical, Computational and Experimental Methodss
670 ## - SOURCE DATA FOUND
- Source citation: Work cat.: (NUST): Nayfeh, Ali H. 69606, Applied nonlinear dynamics; analytical, computational and experimental methodss, 2004
